[Event "SLO-ch U12"]
[Site "Murska Sobota"]
[Date "2007.03.02"]
[Round "9"]
[White "Hozjan, Andrej"]
[Black "Hiti, Domen"]
[Result "0-1"]
[WhiteElo "1500"]
[BlackElo "1739"]
[PlyCount "36"]
[EventDate "2007.02.25"]
[EventType "swiss"]
[EventRounds "9"]
[EventCountry "SLO"]
[SourceTitle "CBM 117 Extra"]
[Source "ChessBase"]
[SourceDate "2007.05.09"]
[SourceVersion "1"]
[SourceVersionDate "2007.05.09"]
[SourceQuality "1"]

1. d4 Nf6 2. c4 g6 3. e3 Bg7 4. Nf3 d5 5. Nc3 e6 6. Bd3 dxc4 7. Bxc4 0-0 8. 0-0 Nbd7 9. b3 b6 10. Ba3 Re8 11. Bb5 Bb7 12. Bxd7 Nxd7 13. Rb1 c5 14. Nb5 Ba6 15. Nd6 Bxf1 16. Nxe8 Bxg2 17. Nxg7 Bxf3 18. Nxe6 Qf6 0-1

[Event "SLO-ch U12"]
[Site "Murska Sobota"]
[Date "2007.03.01"]
[Round "8"]
[White "Copi, Ambroz"]
[Black "Hozjan, Andrej"]
[Result "0-1"]
[WhiteElo "1546"]
[BlackElo "1500"]
[PlyCount "44"]
[EventDate "2007.02.25"]
[EventType "swiss"]
[EventRounds "9"]
[EventCountry "SLO"]
[SourceTitle "CBM 117 Extra"]
[Source "ChessBase"]
[SourceDate "2007.05.09"]
[SourceVersion "1"]
[SourceVersionDate "2007.05.09"]
[SourceQuality "1"]

1. d4 d5 2. c4 e6 3. Nc3 Nf6 4. Bg5 c5 5. Nf3 cxd4 6. Nxd4 Bb4 7. Rc1 Bd7 8. e3 h6 9. Bh4 g5 10. Bg3 Bxc3+ 11. Rxc3 Qa5 12. f3 Qxa2 13. Qc1 Qa5 14. cxd5 Nxd5 15. Bd3 Nxc3 16. bxc3 0-0 17. 0-0 Nc6 18. Qb1 b6 19. Nxc6 Bxc6 20. Bh7+ Kg7 21. Be5+ Qxe5 22. Bc2 Qxe3+ 0-1

[Event "SLO-ch U12"]
[Site "Murska Sobota"]
[Date "2007.02.26"]
[Round "3"]
[White "Sedonja, Dominik"]
[Black "Hozjan, Andrej"]
[Result "1-0"]
[WhiteElo "1500"]
[BlackElo "1500"]
[PlyCount "73"]
[EventDate "2007.02.25"]
[EventType "swiss"]
[EventRounds "9"]
[EventCountry "SLO"]
[SourceTitle "CBM 117 Extra"]
[Source "ChessBase"]
[SourceDate "2007.05.09"]
[SourceVersion "1"]
[SourceVersionDate "2007.05.09"]
[SourceQuality "1"]

1. e4 d5 2. exd5 Qxd5 3. Nc3 Qd8 4. d4 e6 5. Nf3 Nf6 6. Bc4 Bd6 7. 0-0 0-0 8. Qe2 b6 9. Ne4 Bb7 10. Nxd6 Qxd6 11. a4 Nc6 12. c3 Na5 13. Ba2 Bd5 14. b4 Bxa2 15. Rxa2 Nb7 16. b5 Qd7 17. Ne5 Qd5 18. Rd1 Qe4 19. Qd2 Na5 20. f3 Qd5 21. Qc2 Nd7 22. c4 Nxc4 23. Qxc4 Nxe5 24. Qxd5 exd5 25. dxe5 Rad8 26. Rad2 Rfe8 27. Rxd5 Rxd5 28. Rxd5 h6 29. Bf4 Re7 30. Rd8+ Kh7 31. Ra8 g5 32. Bg3 c6 33. bxc6 Rc7 34. e6 Rxc6 35. exf7 Rc1+ 36. Kf2 Rc2+ 37. Kf1 1-0

[Event "SLO-ch U10"]
[Site "Sentjur"]
[Date "2005.03.03"]
[Round "8"]
[White "Hozjan, Andrej"]
[Black "Hiti, Domen"]
[Result "0-1"]
[WhiteElo "1500"]
[BlackElo "1500"]
[PlyCount "31"]
[EventDate "2005.02.26"]
[EventType "tourn"]
[EventRounds "9"]
[EventCountry "SLO"]
[SourceTitle "CBM 105 Extra"]
[Source "ChessBase"]
[SourceDate "2005.05.01"]
[SourceVersion "1"]
[SourceVersionDate "2005.05.01"]
[SourceQuality "1"]

1. d4 d5 2. Nf3 Nc6 3. g3 Bf5 4. a3 Nf6 5. Bg2 g6 6. 0-0 Bg7 7. b3 0-0 8. Bb2 Qd7 9. Nbd2 Ne4 10. Nxe4 Bxe4 11. Ne5 Nxe5 12. dxe5 Bxg2 13. Kxg2 c6 14. c4 e6 15. cxd5 Qxd5+ 16. e4 0-1

[Event "SLO-ch U10"]
[Site "Sentjur"]
[Date "2005.02.26"]
[Round "1"]
[White "Hozjan, Andrej"]
[Black "Vida, Dorian"]
[Result "0-1"]
[WhiteElo "1500"]
[BlackElo "1500"]
[PlyCount "104"]
[EventDate "2005.02.26"]
[EventType "tourn"]
[EventRounds "9"]
[EventCountry "SLO"]
[SourceTitle "CBM 105 Extra"]
[Source "ChessBase"]
[SourceDate "2005.05.01"]
[SourceVersion "1"]
[SourceVersionDate "2005.05.01"]
[SourceQuality "1"]

1. d4 d5 2. e3 e6 3. Nf3 Nc6 4. Be2 Nf6 5. 0-0 g6 6. Nc3 Bg7 7. b3 0-0 8. Ba3 Re8 9. h3 Bd7 10. Ne5 Nxe5 11. dxe5 Ne4 12. Nxe4 Bxe5 13. Nd2 Bxa1 14. Qxa1 e5 15. Bb2 d4 16. e4 c5 17. Ba3 b6 18. b4 Rc8 19. bxc5 bxc5 20. Nc4 Bb5 21. Re1 a6 22. Nd2 Bxe2 23. Rxe2 c4 24. c3 d3 25. Re1 Qg5 26. Bc1 Qe7 27. Nf3 Rc7 28. Bg5 f6 29. Bd2 Rd7 30. Qb1 Rb7 31. Qc1 Qc5 32. Be3 Qb5 33. Nd2 Qb2 34. Nxc4 Qxc1 35. Rxc1 Rc7 36. Nd2 Rec8 37. c4 f5 38. exf5 gxf5 39. f4 e4 40. g4 fxg4 41. hxg4 Rb7 42. c5 Rb2 43. Rb1 Rxa2 44. Re1 a5 45. Nxe4 Re2 46. Rxe2 dxe2 47. Kf2 e1Q+ 48. Kxe1 a4 49. Bc1 Re8 50. Kd2 Rxe4 51. c6 Rc4 52. f5 Rxc6 0-1